Kashmir under the Sultans (Record no. 367712)

000 -LEADER
fixed length control field 00319cam a22001217a 4500
008 - FIXED-LENGTH DATA ELEMENTS--GENERAL INFORMATION
fixed length control field 180718b1959 xxu||||| |||| 00| 0 eng d
082 ## - DEWEY DECIMAL CLASSIFICATION NUMBER
Classification number A6x5431 H27
100 ## - MAIN ENTRY--PERSONAL NAME
Personal name Hasan, M.
245 ## - TITLE STATEMENT
Title Kashmir under the Sultans
Statement of responsibility, etc. by M. Hasan
260 ## - PUBLICATION, DISTRIBUTION, ETC.
Place of publication, distribution, etc. Calcutta
Name of publisher, distributor, etc. Iran Society
Date of publication, distribution, etc. 1959
300 ## - PHYSICAL DESCRIPTION
Extent 388p.
650 ## - SUBJECT ADDED ENTRY--TOPICAL TERM
Topical term or geographic name entry element Kashmir - History
Holdings
Withdrawn status Lost status Damaged status Not for loan Permanent Location Current Location Date acquired Full call number Barcode Date last seen Price effective from Koha item type
        Indian Institute of Public Administration Indian Institute of Public Administration 1994-05-17 A6x5431 H27 17971 2018-07-21 2018-07-21 Book
        Indian Institute of Public Administration Indian Institute of Public Administration 1994-05-17 A6x5431 H27 711 2018-07-21 2018-07-21 Book

Powered by Koha